[Event "Europe Echecs Blitz Sept op"]
[Site "Europe Echecs INT"]
[Date "2021.09.19"]
[Round "5"]
[White "Guzman Mellado, Arcadio"]
[Black "Texier, Cesar"]
[Result "0-1"]
[WhiteElo "1868"]
[BlackElo "1595"]
[PlyCount "86"]
[EventDate "2021.09.19"]
[EventType "swiss (blitz)"]
[EventRounds "11"]
[EventCountry "FRA"]
[SourceTitle "CBM 204 Extra"]
[Source "ChessBase"]
[SourceDate "2021.11.30"]
[SourceVersion "1"]
[SourceVersionDate "2021.11.30"]
[SourceQuality "1"]

1. e4 c5 2. Nf3 d6 3. d4 cxd4 4. Nxd4 Nf6 5. Nc3 a6 6. a4 e5 7. Nf3 Be7 8. Be2 0-0 9. 0-0 h6 10. Be3 Be6 11. h3 Nbd7 12. b3 Rc8 13. Qd2 Qc7 14. Nd5 Bxd5 15. exd5 Qxc2 16. Rfd1 Qxd2 17. Rxd2 Ne4 18. Rb2 f5 19. b4 Ndf6 20. Rd1 Nc3 21. Rdd2 Nfe4 22. Rdc2 Nxa4 23. Ra2 Rxc2 24. Rxc2 Nac3 25. Bd3 Nxd5 26. Bxe4 fxe4 27. Nd2 Nxe3 28. fxe3 Bg5 29. Nxe4 Bxe3+ 30. Kh1 d5 31. Nd6 d4 32. Ne4 d3 33. Rc3 d2 34. Rd3 Rf1+ 35. Kh2 d1Q 36. Rxd1 Rxd1 37. Nc5 Bxc5 38. bxc5 a5 39. Kg3 a4 40. Kf2 a3 41. Ke2 Rc1 42. Kd2 Rxc5 43. Kd3 a2 0-1

[Event "Europe Echecs Blitz Sept op"]
[Site "Europe Echecs INT"]
[Date "2021.09.19"]
[Round "8"]
[White "Jannur, Kupjasar"]
[Black "Guzman Mellado, Arcadio"]
[Result "1-0"]
[WhiteElo "1517"]
[BlackElo "1868"]
[PlyCount "67"]
[EventDate "2021.09.19"]
[EventType "swiss (blitz)"]
[EventRounds "11"]
[EventCountry "FRA"]
[SourceTitle "CBM 204 Extra"]
[Source "ChessBase"]
[SourceDate "2021.11.30"]
[SourceVersion "1"]
[SourceVersionDate "2021.11.30"]
[SourceQuality "1"]

1. e4 c5 2. Nf3 e6 3. d4 cxd4 4. Nxd4 Nc6 5. Nb3 Nf6 6. Nc3 Bb4 7. Bd3 0-0 8. 0-0 Ne5 9. Bg5 Be7 10. f4 Nxd3 11. cxd3 a5 12. Qf3 a4 13. Nd2 Qb6+ 14. Kh1 Qxb2 15. e5 Nd5 16. Nxd5 Bxg5 17. Nc4 Qd4 18. Ndb6 Ra6 19. Nxc8 Rxc8 20. fxg5 Rf8 21. Rab1 Ra7 22. h3 Qd5 23. Qe3 Ra6 24. Nd6 b5 25. Rxb5 Rxd6 26. Rxd5 Rxd5 27. h4 d6 28. exd6 Rxd6 29. h5 Rfd8 30. g6 hxg6 31. hxg6 fxg6 32. Rf3 Re8 33. Qe4 Rd5 34. Qxg6 1-0

[Event "Europe Echecs Blitz May op"]
[Site "Europe Echecs INT"]
[Date "2021.05.09"]
[Round "3"]
[White "Guzman Mellado, Arcadio"]
[Black "Vakhidov, Jahongir"]
[Result "0-1"]
[WhiteElo "1868"]
[BlackElo "2533"]
[PlyCount "70"]
[EventDate "2021.05.09"]
[EventType "swiss (blitz)"]
[EventRounds "11"]
[EventCountry "FRA"]
[SourceTitle "CBM 202 Extra"]
[Source "ChessBase"]
[SourceDate "2021.07.31"]
[SourceVersion "1"]
[SourceVersionDate "2021.07.31"]
[SourceQuality "1"]

1. e4 d6 2. Nf3 Nf6 3. Nc3 g6 4. d4 Bg7 5. Bd3 0-0 6. 0-0 Bg4 7. h3 Bxf3 8. Qxf3 Nfd7 9. Ne2 Nc6 10. c3 e5 11. d5 Ne7 12. Bg5 f6 13. Bd2 f5 14. exf5 gxf5 15. Qg3 Kh8 16. c4 a5 17. Bg5 Qe8 18. Bxe7 Qxe7 19. Rab1 e4 20. Bc2 f4 21. Qg4 f3 22. gxf3 Ne5 23. Qxe4 Nxf3+ 24. Kh1 Qxe4 25. Bxe4 Nd2 26. Ng3 Be5 27. Rg1 Bxg3 28. Rxg3 Nxe4 29. Re3 Nd2 30. Rbe1 Rxf2 31. R1e2 Raf8 32. Re8 Rxe2 33. Rxf8+ Kg7 34. Rc8 Nf3 35. Rxc7+ Kh6 0-1

[Event "Europe Echecs Blitz May op"]
[Site "Europe Echecs INT"]
[Date "2021.05.09"]
[Round "2"]
[White "Vlachos, Anatole"]
[Black "Guzman Mellado, Arcadio"]
[Result "1/2-1/2"]
[WhiteElo "2438"]
[BlackElo "1868"]
[PlyCount "46"]
[EventDate "2021.05.09"]
[EventType "swiss (blitz)"]
[EventRounds "11"]
[EventCountry "FRA"]
[SourceTitle "CBM 202 Extra"]
[Source "ChessBase"]
[SourceDate "2021.07.31"]
[SourceVersion "1"]
[SourceVersionDate "2021.07.31"]
[SourceQuality "1"]

1. Nf3 d5 2. g3 Nf6 3. Bg2 c6 4. 0-0 Nbd7 5. d3 e5 6. e4 Bd6 7. Re1 0-0 8. c3 Re8 9. Qc2 Nf8 10. Nbd2 Bg4 11. a4 Qd7 12. a5 a6 13. b4 Bh3 14. Nb3 Bxg2 15. Kxg2 Ng6 16. Bg5 Qg4 17. Bxf6 gxf6 18. h3 Nf4+ 19. Kg1 Nxh3+ 20. Kg2 Nf4+ 21. Kg1 Nh3+ 22. Kg2 Nf4+ 23. Kg1 Nh3+ 1/2-1/2

[Event "C'Chartres Blitz op April"]
[Site "Europe Echecs INT"]
[Date "2021.04.10"]
[Round "2"]
[White "Grieve, Harry"]
[Black "Guzman Mellado, Arcadio"]
[Result "1-0"]
[WhiteElo "2351"]
[BlackElo "1868"]
[PlyCount "41"]
[EventDate "2021.04.10"]
[EventType "swiss (blitz)"]
[EventRounds "11"]
[EventCountry "FRA"]
[SourceTitle "CBM 201 Extra"]
[Source "ChessBase"]
[SourceDate "2021.05.31"]
[SourceVersion "1"]
[SourceVersionDate "2021.05.31"]
[SourceQuality "1"]

1. e4 c5 2. Nf3 e6 3. d4 cxd4 4. Nxd4 Nc6 5. Nc3 Qc7 6. Be3 a6 7. Qf3 Nf6 8. 0-0-0 Bb4 9. Nxc6 bxc6 10. Bd4 e5 11. Qg3 d6 12. Qxg7 Ke7 13. Qxh8 exd4 14. Rxd4 Bxc3 15. bxc3 Rb8 16. Bc4 c5 17. Qg7 Be6 18. Bxe6 Kxe6 19. Ra4 Qb6 20. Kd2 Nxe4+ 21. Rxe4+ 1-0

[Event "C'Chartres Blitz op April"]
[Site "Europe Echecs INT"]
[Date "2021.04.10"]
[Round "11"]
[White "Guzman Mellado, Arcadio"]
[Black "Chouvaev Komin, Daniel"]
[Result "0-1"]
[WhiteElo "1868"]
[BlackElo "1625"]
[PlyCount "84"]
[EventDate "2021.04.10"]
[EventType "swiss (blitz)"]
[EventRounds "11"]
[EventCountry "FRA"]
[SourceTitle "CBM 201 Extra"]
[Source "ChessBase"]
[SourceDate "2021.05.31"]
[SourceVersion "1"]
[SourceVersionDate "2021.05.31"]
[SourceQuality "1"]

1. e4 e6 2. d4 d5 3. e5 c5 4. c3 Qb6 5. Nf3 Nc6 6. a3 c4 7. Nbd2 Na5 8. Rb1 Bd7 9. Be2 Nb3 10. Nxb3 Ba4 11. Bg5 Qxb3 12. Qxb3 Bxb3 13. 0-0 Ne7 14. Nd2 Ba4 15. Bd1 Bxd1 16. Rfxd1 Nc6 17. b4 cxb3 18. Rxb3 b6 19. f4 Be7 20. Nf3 h6 21. Bh4 0-0 22. Bxe7 Nxe7 23. g4 g6 24. Nh4 Rfc8 25. Rf1 Rc4 26. f5 exf5 27. gxf5 gxf5 28. Nxf5 Nxf5 29. Rxf5 Rac8 30. Rf3 R8c6 31. Rg3+ Kf8 32. Kf2 a5 33. h4 Ke7 34. Ke2 a4 35. Rb5 Rxc3 36. Rxc3 Rxc3 37. Rxb6 Rxa3 38. Rxh6 Rh3 39. Ra6 a3 40. h5 a2 41. h6 Rxh6 42. Rxa2 Rh2+ 0-1

[Event "C'Chartres Blitz op April"]
[Site "Europe Echecs INT"]
[Date "2021.04.10"]
[Round "8"]
[White "Massard, Rene"]
[Black "Guzman Mellado, Arcadio"]
[Result "0-1"]
[WhiteElo "1533"]
[BlackElo "1868"]
[PlyCount "62"]
[EventDate "2021.04.10"]
[EventType "swiss (blitz)"]
[EventRounds "11"]
[EventCountry "FRA"]
[SourceTitle "CBM 201 Extra"]
[Source "ChessBase"]
[SourceDate "2021.05.31"]
[SourceVersion "1"]
[SourceVersionDate "2021.05.31"]
[SourceQuality "1"]

1. d4 d5 2. Bf4 Nf6 3. Nf3 e6 4. Nbd2 c5 5. c3 Nc6 6. e3 Bd6 7. Bb5 Bxf4 8. exf4 cxd4 9. cxd4 a6 10. Bxc6+ bxc6 11. 0-0 0-0 12. Qa4 Qc7 13. Ne5 Bd7 14. Rac1 c5 15. Qa3 c4 16. Nxd7 Nxd7 17. g3 Nf6 18. Nf3 Ne4 19. Rfe1 Rfb8 20. b4 h5 21. Ne5 Rc8 22. f3 Nd6 23. Rc3 Nf5 24. Qb2 Nxd4 25. a4 Nf5 26. b5 axb5 27. axb5 Qb6+ 28. Kh1 Ra5 29. Rb1 Rca8 30. Nc6 Ra2 31. Qb4 Qf2 0-1

[Event "Cappelle Online Blitz op"]
[Site "Europe Echecs INT"]
[Date "2021.03.07"]
[Round "7"]
[White "Guzman Mellado, Arcadio"]
[Black "Duquesnoy, Jean Philippe"]
[Result "0-1"]
[WhiteElo "1868"]
[BlackElo "2172"]
[PlyCount "106"]
[EventDate "2021.03.07"]
[EventType "swiss (blitz)"]
[EventRounds "11"]
[EventCountry "FRA"]
[SourceTitle "CBM 201 Extra"]
[Source "ChessBase"]
[SourceDate "2021.05.31"]
[SourceVersion "1"]
[SourceVersionDate "2021.05.31"]
[SourceQuality "1"]

1. e4 c5 2. Nf3 d6 3. d4 cxd4 4. Nxd4 Nf6 5. Nc3 e6 6. h3 Nc6 7. g4 h6 8. Bg2 Be7 9. 0-0 0-0 10. Nxc6 bxc6 11. e5 Nd5 12. exd6 Bxd6 13. Ne4 Bc7 14. c4 Nb4 15. Qa4 Rb8 16. Be3 a5 17. Rfd1 Qh4 18. Nd6 Bd7 19. a3 Na6 20. Qc2 Rfd8 21. b3 Bb6 22. c5 Bc7 23. Rd2 e5 24. Rad1 Be6 25. Nc4 h5 26. Rxd8+ Bxd8 27. Nd6 Bxb3 28. Qd2 Bxd1 29. Qxd1 hxg4 30. hxg4 Bg5 31. Qf3 Rb1+ 32. Bf1 Bf6 33. Ne4 Kh7 34. Nxf6+ Qxf6 35. Qxf6 gxf6 36. Kg2 Ra1 37. Bxa6 Rxa3 38. Bb7 Rc3 39. Bxc6 Rc4 40. Be8 Rxg4+ 41. Kf3 Rb4 42. Bxf7 a4 43. c6 Kg7 44. Be6 Rb6 45. Bd5 Rb8 46. c7 Rc8 47. Bb6 a3 48. Bb7 Rxc7 49. Bxc7 a2 50. Be4 a1Q 51. Bd6 Qc3+ 52. Kg2 Qd4 53. Be7 Qxe4+ 0-1

[Event "Cappelle Online Blitz op"]
[Site "Europe Echecs INT"]
[Date "2021.03.07"]
[Round "11"]
[White "Guzman Mellado, Arcadio"]
[Black "Morelle, Ludovic"]
[Result "0-1"]
[WhiteElo "1868"]
[BlackElo "2314"]
[PlyCount "44"]
[EventDate "2021.03.07"]
[EventType "swiss (blitz)"]
[EventRounds "11"]
[EventCountry "FRA"]
[SourceTitle "CBM 201 Extra"]
[Source "ChessBase"]
[SourceDate "2021.05.31"]
[SourceVersion "1"]
[SourceVersionDate "2021.05.31"]
[SourceQuality "1"]

1. e4 c5 2. Nf3 e6 3. d4 cxd4 4. Nxd4 Nf6 5. Nc3 Bb4 6. Bd3 d5 7. exd5 Nxd5 8. Bd2 Nxc3 9. bxc3 Be7 10. 0-0 0-0 11. Re1 Bf6 12. Re4 Nc6 13. Qh5 g6 14. Qh6 Bg7 15. Qe3 Ne7 16. Rh4 Nd5 17. Qh3 e5 18. Nf5 Bxf5 19. Bxf5 h5 20. Rxh5 gxh5 21. Qxh5 Nf6 22. Qh3 Qxd2 0-1

[Event "Ville d'Orsay online Blitz"]
[Site "Europe Echecs INT"]
[Date "2021.02.07"]
[Round "6"]
[White "Devallee, Jeremie"]
[Black "Guzman Mellado, Arcadio"]
[Result "1-0"]
[WhiteElo "2220"]
[BlackElo "1868"]
[PlyCount "75"]
[EventDate "2021.02.07"]
[EventType "swiss (blitz)"]
[EventRounds "11"]
[EventCountry "FRA"]
[SourceTitle "CBM 200 Extra"]
[Source "ChessBase"]
[SourceDate "2021.03.31"]
[SourceVersion "1"]
[SourceVersionDate "2021.03.31"]
[SourceQuality "1"]

1. e4 c5 2. d4 cxd4 3. c3 dxc3 4. Nxc3 Nc6 5. Nf3 d6 6. Bc4 e6 7. 0-0 Be7 8. Qe2 Nf6 9. Rd1 e5 10. Be3 Bg4 11. Rac1 Bxf3 12. Qxf3 0-0 13. a3 Rc8 14. Ba2 a6 15. b4 Qd7 16. h3 b5 17. g4 h6 18. Kh1 Nh7 19. Nd5 Ng5 20. Qg2 Ne6 21. Nb6 Qc7 22. Bd5 Ned8 23. Nxc8 Qxc8 24. Rxc6 Nxc6 25. Rc1 Bg5 26. Bxg5 hxg5 27. Rxc6 Qd8 28. Qf3 a5 29. Kg2 axb4 30. axb4 Qe7 31. Qc3 Qf6 32. Rc7 Qf4 33. Qf3 Qxf3+ 34. Kxf3 Rb8 35. Rxf7 Kh8 36. Rc7 Rf8+ 37. Ke3 Kh7 38. Be6 1-0

[Event "Ville d'Orsay online Blitz"]
[Site "Europe Echecs INT"]
[Date "2021.02.07"]
[Round "4"]
[White "Vasiloi, Nadejda"]
[Black "Guzman Mellado, Arcadio"]
[Result "0-1"]
[WhiteElo "1706"]
[BlackElo "1868"]
[PlyCount "85"]
[EventDate "2021.02.07"]
[EventType "swiss (blitz)"]
[EventRounds "11"]
[EventCountry "FRA"]
[SourceTitle "CBM 200 Extra"]
[Source "ChessBase"]
[SourceDate "2021.03.31"]
[SourceVersion "1"]
[SourceVersionDate "2021.03.31"]
[SourceQuality "1"]

1. d4 d5 2. Nf3 Nf6 3. c4 dxc4 4. Nc3 e6 5. e4 Be7 6. Bxc4 0-0 7. 0-0 c5 8. Bf4 cxd4 9. Nxd4 Nc6 10. Nxc6 bxc6 11. Qxd8 Rxd8 12. Rfd1 Bb7 13. a3 h6 14. b4 c5 15. e5 Ne4 16. Nxe4 Bxe4 17. b5 Rd4 18. Be2 Rad8 19. f3 Bc2 20. Rxd4 cxd4 21. Rc1 d3 22. Bd1 Bxa3 23. Rxc2 dxc2 24. Bxc2 Bc5+ 25. Kf1 Rd4 26. Be3 Rc4 27. Bxc5 Rxc5 28. Ba4 Rc4 29. Bd1 Rc1 30. Ke2 Kf8 31. f4 Ke7 32. Kd2 Rb1 33. Ba4 Kd8 34. Kc3 Kc7 35. g3 Kb6 36. h3 Rh1 37. h4 Rh3 38. Kc4 Rxg3 39. Bc2 Rg4 40. Kb3 Rxf4 41. h5 Kxb5 42. Bd3+ Kc5 43. Ba6 0-1

[Event "Barranquilla Region-ch"]
[Site "Barranquilla"]
[Date "2020.01.04"]
[Round "2"]
[White "Guzman Mellado, Arcadio"]
[Black "Ruge Perez, Daniel Felipe"]
[Result "1-0"]
[WhiteElo "1868"]
[BlackElo "1600"]
[PlyCount "49"]
[EventDate "2020.01.04"]
[EventType "swiss"]
[EventRounds "6"]
[EventCountry "COL"]
[SourceTitle "CBM 194 Extra"]
[Source "ChessBase"]
[SourceDate "2020.03.31"]
[SourceVersion "1"]
[SourceVersionDate "2020.03.31"]
[SourceQuality "1"]

1. e4 c5 2. Nf3 g6 3. Be2 Bg7 4. 0-0 Nc6 5. c3 d5 6. exd5 Qxd5 7. d3 e5 8. c4 Qd8 9. Nc3 Be6 10. Qa4 Bd7 11. Qa3 b6 12. Ne4 Qe7 13. Nc3 Nb4 14. Qb3 Bc6 15. a3 Na6 16. Re1 Nh6 17. Bxh6 Bxh6 18. Nxe5 Bb7 19. Nxg6 Rg8 20. Bf3 Bxf3 21. Rxe7+ Kd8 22. Qb5 Nb8 23. Nd5 Bxd5 24. cxd5 Rxg6 25. Qe8# 1-0

[Event "COL pre olympic sf2"]
[Site "Palmira"]
[Date "2019.06.03"]
[Round "10"]
[White "Guzman Mellado, Arcadio"]
[Black "Vanegas, Ricardo"]
[Result "0-1"]
[WhiteElo "1906"]
[BlackElo "1807"]
[PlyCount "76"]
[EventDate "2019.05.29"]
[EventType "swiss"]
[EventRounds "10"]
[EventCountry "COL"]
[SourceTitle "CBM 190 Extra"]
[Source "ChessBase"]
[SourceDate "2019.07.15"]
[SourceVersion "1"]
[SourceVersionDate "2019.07.15"]
[SourceQuality "1"]

1. e4 c5 2. Nc3 e6 3. g3 d5 4. exd5 exd5 5. Bg2 Nf6 6. d3 d4 7. Ne4 Nxe4 8. Bxe4 Bd6 9. Qh5 h6 10. Ne2 Qe7 11. 0-0 Nd7 12. Qf3 Nf6 13. Nf4 Nxe4 14. dxe4 Bxf4 15. Bxf4 Qf6 16. Qg2 0-0 17. Rfe1 Qc6 18. Qf1 b6 19. Qd3 Bb7 20. f3 Rad8 21. b3 Rfe8 22. Kf2 b5 23. c4 b4 24. h4 Rd7 25. g4 Rde7 26. h5 Qf6 27. Kg3 g5 28. hxg6 fxg6 29. Re2 Rf7 30. Bd2 g5 31. Rh1 Ref8 32. Rf2 Qe5+ 33. f4 gxf4+ 34. Kf3 Re8 35. Re2 Rfe7 36. Rhe1 Qg5 37. Bxf4 Rf7 38. Qd2 Ref8 0-1

[Event "COL pre olympic sf2"]
[Site "Palmira"]
[Date "2019.06.01"]
[Round "7"]
[White "Pai, Juan David"]
[Black "Guzman Mellado, Arcadio"]
[Result "1-0"]
[WhiteElo "2096"]
[BlackElo "1906"]
[PlyCount "35"]
[EventDate "2019.05.29"]
[EventType "swiss"]
[EventRounds "10"]
[EventCountry "COL"]
[SourceTitle "CBM 190 Extra"]
[Source "ChessBase"]
[SourceDate "2019.07.15"]
[SourceVersion "1"]
[SourceVersionDate "2019.07.15"]
[SourceQuality "1"]

1. d4 Nf6 2. c4 e6 3. Nf3 b6 4. g3 Ba6 5. b3 Bb4+ 6. Bd2 Be7 7. Nc3 d5 8. Bg2 c6 9. Ne5 Nfd7 10. Nxd7 Nxd7 11. 0-0 0-0 12. e4 Rc8 13. Re1 dxc4 14. e5 b5 15. Qg4 Kh8 16. bxc4 b4 17. Ne4 Nxe5 18. dxe5 1-0

[Event "COL pre olympic sf2"]
[Site "Palmira"]
[Date "2019.05.31"]
[Round "4"]
[White "Guzman Mellado, Arcadio"]
[Black "Argote Heredia, Valentina"]
[Result "0-1"]
[WhiteElo "1906"]
[BlackElo "2104"]
[PlyCount "38"]
[EventDate "2019.05.29"]
[EventType "swiss"]
[EventRounds "10"]
[EventCountry "COL"]
[SourceTitle "CBM 190 Extra"]
[Source "ChessBase"]
[SourceDate "2019.07.15"]
[SourceVersion "1"]
[SourceVersionDate "2019.07.15"]
[SourceQuality "1"]

1. e4 c5 2. Nc3 a6 3. g3 b5 4. Bg2 Bb7 5. d3 Nc6 6. Nf3 g6 7. Be3 d6 8. 0-0 Bg7 9. Qd2 Rc8 10. Bh3 Rb8 11. Nh4 b4 12. Nd1 Nf6 13. f4 0-0 14. f5 d5 15. fxg6 hxg6 16. exd5 Ne5 17. c4 bxc3 18. Nxc3 Nxd5 19. Bf2 Nxd3 0-1

[Event "COL pre olympic sf2"]
[Site "Palmira"]
[Date "2019.05.31"]
[Round "5"]
[White "Hoyos Garces, Rosana"]
[Black "Guzman Mellado, Arcadio"]
[Result "1/2-1/2"]
[WhiteElo "1611"]
[BlackElo "1906"]
[PlyCount "34"]
[EventDate "2019.05.29"]
[EventType "swiss"]
[EventRounds "10"]
[EventCountry "COL"]
[SourceTitle "CBM 190 Extra"]
[Source "ChessBase"]
[SourceDate "2019.07.15"]
[SourceVersion "1"]
[SourceVersionDate "2019.07.15"]
[SourceQuality "1"]

1. d4 Nf6 2. c4 e6 3. Nf3 b6 4. e3 Bb7 5. Bd3 Bb4+ 6. Bd2 Bxd2+ 7. Nbxd2 0-0 8. 0-0 d5 9. Qc2 Nbd7 10. e4 dxe4 11. Nxe4 c5 12. dxc5 bxc5 13. Rad1 Qc7 14. Rd2 Qf4 15. Re1 Rfd8 16. h3 Rab8 17. b3 Bc6 1/2-1/2

[Event "COL pre olympic sf2"]
[Site "Palmira"]
[Date "2019.05.30"]
[Round "3"]
[White "Salguero, Miguel Angel"]
[Black "Guzman Mellado, Arcadio"]
[Result "0-1"]
[WhiteElo "1161"]
[BlackElo "1906"]
[PlyCount "52"]
[EventDate "2019.05.29"]
[EventType "swiss"]
[EventRounds "10"]
[EventCountry "COL"]
[SourceTitle "CBM 190 Extra"]
[Source "ChessBase"]
[SourceDate "2019.07.15"]
[SourceVersion "1"]
[SourceVersionDate "2019.07.15"]
[SourceQuality "1"]

1. e4 c5 2. Nf3 Nc6 3. Nc3 g6 4. Bc4 e6 5. d4 cxd4 6. Nxd4 a6 7. Nxc6 bxc6 8. Qd4 f6 9. f4 Bg7 10. 0-0 Ne7 11. Be3 0-0 12. f5 d5 13. Bb3 Kh8 14. fxg6 e5 15. Qd1 d4 16. gxh7 dxe3 17. Qe2 Qb6 18. Kh1 a5 19. Qh5 Bd7 20. Bf7 Be8 21. Bxe8 Raxe8 22. Na4 Qb4 23. b3 Qxe4 24. Nc5 Qxh7 25. Qe2 Nf5 26. c3 Ng3+ 0-1

[Event "COL-ch U2000"]
[Site "Pereira"]
[Date "2019.03.22"]
[Round "2"]
[White "Guzman Mellado, Arcadio"]
[Black "Bravo, Juan Eduardo"]
[Result "1/2-1/2"]
[WhiteElo "1926"]
[BlackElo "1758"]
[PlyCount "48"]
[EventDate "2019.03.21"]
[EventType "swiss"]
[EventRounds "9"]
[EventCountry "COL"]
[SourceTitle "CBM 189 Extra"]
[Source "ChessBase"]
[SourceDate "2019.06.03"]
[SourceVersion "1"]
[SourceVersionDate "2019.06.03"]
[SourceQuality "1"]

1. e4 e5 2. Nf3 Nf6 3. Nxe5 d6 4. Nf3 Nxe4 5. Nc3 d5 6. Qe2 Be7 7. Nxe4 dxe4 8. Qxe4 0-0 9. Bd3 g6 10. 0-0 Nc6 11. Qa4 Qd6 12. a3 Bf6 13. Be2 Re8 14. Bd1 Bf5 15. d3 Nd4 16. Nxd4 Bxd4 17. Bf3 b5 18. Qxb5 Bxf2+ 19. Kh1 Rab8 20. Qa4 Bd4 21. Rb1 Bd7 22. Qc4 Be6 23. Qa4 Bd7 24. Qc4 Be6 1/2-1/2

[Event "COL-ch U2000"]
[Site "Pereira"]
[Date "2019.03.22"]
[Round "3"]
[White "Torres, Jaime Alberto"]
[Black "Guzman Mellado, Arcadio"]
[Result "1-0"]
[WhiteElo "1963"]
[BlackElo "1926"]
[PlyCount "67"]
[EventDate "2019.03.21"]
[EventType "swiss"]
[EventRounds "9"]
[EventCountry "COL"]
[SourceTitle "CBM 189 Extra"]
[Source "ChessBase"]
[SourceDate "2019.06.03"]
[SourceVersion "1"]
[SourceVersionDate "2019.06.03"]
[SourceQuality "1"]

1. d4 Nf6 2. Nf3 d5 3. e3 Bg4 4. Bd3 e6 5. b3 Bd6 6. Bb2 Nbd7 7. Nbd2 e5 8. dxe5 Bxe5 9. c3 Bd6 10. Qc2 Qe7 11. h3 Bh5 12. Nd4 Bg6 13. Nf5 Qf8 14. 0-0-0 0-0-0 15. g4 Ba3 16. Nd4 Bxb2+ 17. Kxb2 Nc5 18. Bxg6 hxg6 19. c4 Kb8 20. f3 Qd6 21. g5 Nfd7 22. f4 a6 23. cxd5 Qxd5 24. Nc4 Qe4 25. Qc3 Nb6 26. Nxb6 cxb6 27. Nc2 Rxd1 28. Rxd1 Rxh3 29. Qd4 Qf3 30. Qe5+ Ka7 31. Rd8 a5 32. Qb8+ Ka6 33. Qa8+ Kb5 34. Nd4+ 1-0

[Event "Ocana op 1st"]
[Site "Ocana"]
[Date "2015.09.26"]
[Round "4"]
[White "Guzman Mellado, Arcadio"]
[Black "Bayona Navarro, Ivan Alonso"]
[Result "1/2-1/2"]
[WhiteElo "1918"]
[BlackElo "1600"]
[PlyCount "68"]
[EventDate "2015.09.25"]
[EventType "swiss"]
[EventRounds "7"]
[EventCountry "COL"]
[SourceTitle "EXT 2016"]
[Source "ChessBase"]
[SourceDate "2015.10.08"]
[SourceVersion "1"]
[SourceVersionDate "2015.10.08"]
[SourceQuality "1"]

1. e4 c5 2. Nf3 d6 3. d4 cxd4 4. Nxd4 Nf6 5. Nc3 a6 6. h3 e6 7. g4 h6 8. Bg2 Be7 9. 0-0 Qc7 10. Be3 Bd7 11. Qd2 Nc6 12. Nde2 Ne5 13. b3 Rc8 14. Rac1 b5 15. f4 Ng6 16. Nd1 Bc6 17. Nf2 e5 18. f5 Nh4 19. Bh1 Qb7 20. Ng3 d5 21. g5 hxg5 22. Bxg5 Nxe4 23. Nfxe4 dxe4 24. Be3 Nf3+ 25. Bxf3 exf3 26. Kh2 Bh4 27. Qd6 Qe7 28. Qxe7+ Kxe7 29. c4 Bxg3+ 30. Kxg3 Kf6 31. Kg4 Ke7 32. Bc5+ Kf6 33. Be3 Ke7 34. Bc5+ Kf6 1/2-1/2